000 00659nam a2200229Ia 4500
003 OSt
005 20220928104747.0
006 a|||||r|||| 00| 0
007 ta
008 220927b |||||||| |||| 00| 0 eng d
024 _a56806
037 _cTextual
040 _aSDCL
_cSDCL
_beng
041 _2eng
_aeng
082 _aV58:19461'N7, L8
100 _aHeikal Mohamed
_9404289
245 0 _aSphinx and Commissar
_b The rise and fall of Soviet influence in the Arab World.
260 _aLondon
_bCollins
_c1978
300 _a303p.
_ccm.
942 _hV58:19461'N7, L8
_cTEXL
_2CC
999 _c727648
_d727648